• 首页
  • 本馆介绍
  • 公告通知
  • 最新文献
  • 馆藏检索
  • 电子资源
  • 读者导购
  • 参考咨询
  • 我的图书馆
  • 登录
  • 详细信息显示
  • 放入我的书架
  • 预约/预借图书
  • 作者相关作品
  • 分类相关作品
  • 丛书相关作品
  • 出版社相关作品

书目信息

  • 表格格式
  • 工作单格式
  • 卡片格式
题名:
每天学点博弈学
    
 
作者: 元亨利 著
分册:  
出版信息: 北京   中国法制出版社  2016.6
页数: 258页
开本: 24cm
丛书名:
单 册:
中图分类: O225-49
科图分类:
主题词: 博弈论--通俗读物
电子资源:
ISBN: 978-7-5093-7359-0
000 01060nam0 2200253 450
001 0400003246
005 20171021212826.0
010    @a978-7-5093-7359-0@dCNY36.00
100    @a20160712d2016 em y0chiy50 ea
101 0  @achi
102    @aCN@b110000
105    @ay z 000yy
106    @ar
200 1  @a每天学点博弈学@9mei tian xue dian bo yi xue@e博弈常识 博弈现象 博弈策略 心理博弈@e用最浅显的语言解读看似难懂的博弈学知识@f元亨利著
210    @a北京@c中国法制出版社@d2016.6
215    @a258页@d24cm
330    @a本书主要内容包括:博弈学——让你成为生活中的赢家、囚徒困境——迫使他人与你合作的博弈策略、纳什均衡——不会令自已后悔的博弈策略等。
517 1  @a博弈常识 博弈现象 博弈策略 心理博弈@9bo yi chang shi bo yi xian xiang bo yi ce lue xin li bo yi
517 1  @a用最浅显的语言解读看似难懂的博弈学知识@9yong zui qian xian de yu yan jie du kan si nan dong de bo yi xue zhi shi
606 0  @a博弈论@j通俗读物
690    @aO225-49@v5
701  0 @a元亨利@9yuan heng li@4著
801  0 @aCN@b91MARC@c20171021
905    @b1035876-80@dO225-49@f5@e184
    
    每天学点博弈学:博弈常识 博弈现象 博弈策略 心理博弈:用最浅显的语言解读看似难懂的博弈学知识/元亨利著.-北京:中国法制出版社,2016.6
    258页;24cm
    
    
    ISBN 978-7-5093-7359-0:CNY36.00
    本书主要内容包括:博弈学——让你成为生活中的赢家、囚徒困境——迫使他人与你合作的博弈策略、纳什均衡——不会令自已后悔的博弈策略等。
●
相关链接 在E读中查询图书 在五车中查询图书 在当当中查询图书 在豆瓣中查询图书


正题名:每天学点博弈学     索取号:O225-49/184         预约/预借

序号 登录号 条形码 馆藏地/架位号 状态 备注
1 1035876   210358762   第二样本阅览室/ [索取号:O225-49/184] 在馆    
2 1035877   210358771   第三借阅区/ [索取号:O225-49/184] 在馆    
3 1035878   210358780   第三借阅区/ [索取号:O225-49/184] 在馆    
4 1035879   210358799   密集书库-数信学院/ [索取号:O225-49/184] 在馆    
5 1035880   210358806   第三借阅区/ [索取号:O225-49/184] 在馆    
唐山师范学院图书馆 欢迎您!
大连网信软件有限公司© 版权所有